| 000 | 00698nam a2200241 a 4500 | ||
|---|---|---|---|
| 005 | 20200104041602.0 | ||
| 008 | 160129t2005 xxua gr|||| 00| 0 spa d | ||
| 020 | _a9280724525 | ||
| 040 |
_aCO-BoIAVH _cCO-BoIAVH |
||
| 041 | _aeng | ||
| 082 | 4 |
_a338.1 _bH23h |
|
| 245 |
_aHandbook on integrated assessment of trade-related measures _bthe agriculture sector |
||
| 260 |
_aGeneva _bUNEP _c2005 |
||
| 300 |
_a88 paginas.: _bilustraciones.; _c22 x 28 cm. |
||
| 650 | 4 | _aAgricultura | |
| 650 | 4 | _aMigración | |
| 650 | 4 | _aPobreza | |
| 650 | 4 | _aDesarrollo rural | |
| 650 | 4 | _aSalud | |
| 650 | 4 | _aAgua dulce | |
| 942 |
_cLIBRO _2ddc |
||
| 945 | _d2007-08-14 | ||
| 999 |
_c5759 _d5759 |
||